Statistics for The countries that Yakko's World said

Click here to take the quiz!

General Stats

  • This quiz has been taken 10 times
  • The average score is 63 of 160

Answer Stats

Answer% Correct
United States
89%
Canada
78%
Mexico
67%
Panama
67%
Cuba
56%
El Salvador
56%
Germany
56%
Haiti
56%
Peru
56%
Poland
56%
Republic Dominican
56%
Afghanistan
44%
Albania
44%
Algeria
44%
Angola
44%
Argentina
44%
Australia
44%
Austria
44%
Bahamas
44%
Bangladesh
44%
Belgium
44%
Belize
44%
Burma
44%
Burundi
44%
Caribbean
44%
Chad
44%
Chile
44%
Colombia
44%
Congo
44%
Costa Rica
44%
Denmark
44%
Djibouti
44%
Ecuador
44%
Egypt
44%
England
44%
Ethiopia
44%
France
44%
Gambia
44%
Ghana
44%
Greenland
44%
Guinea
44%
Honduras
44%
Iceland
44%
India
44%
Indonesia
44%
Iran
44%
Iraq
44%
Ireland
44%
Israel
44%
Jamaica
44%
Japan
44%
Jordan
44%
Kampuchea
44%
Korea
44%
Kuwait
44%
Lebanon
44%
Lesotho
44%
Liberia
44%
Libya
44%
Liechtenstein
44%
Luxembourg
44%
Madagascar
44%
Malawi
44%
Malaysia
44%
Mali
44%
Malta
44%
Morocco
44%
Namibia
44%
Nepal
44%
Netherlands
44%
Nicaragua
44%
Niger
44%
Nigeria
44%
Norway
44%
Oman
44%
Pakistan
44%
Paraguay
44%
Romania
44%
Russia
44%
Rwanda
44%
Senegal
44%
Sierra Leone
44%
Somalia
44%
Spain
44%
Sudan
44%
Sweden
44%
Switzerland
44%
Syria
44%
Taiwan
44%
Tunisia
44%
Turkey
44%
Uganda
44%
Uruguay
44%
Yemen
44%
Yugoslavia
44%
Zambia
44%
Zimbabwe
44%
Asia
33%
Bahrain
33%
Barbados
33%
Benin
33%
Bhutan
33%
Bolivia
33%
Botswana
33%
Brazil
33%
Bulgaria
33%
Cameroon
33%
China
33%
Cyprus
33%
Czechoslovakia
33%
Fiji
33%
Finland
33%
Gabon
33%
Greece
33%
Guam
33%
Guatemala
33%
Guinea-Bissau
33%
Guyana
33%
Hungary
33%
Italy
33%
Kenya
33%
Laos
33%
Monaco
33%
Mongolia
33%
Mozambique
33%
New Guinea
33%
Philippine Islands
33%
Portugal
33%
Puerto Rico
33%
Qatar
33%
Saudi Arabia
33%
Sri Lanka
33%
Surinam
33%
Swaziland
33%
Tanzania
33%
Thailand
33%
Togo
33%
Venezuela
33%
Bermuda
22%
French Guiana
22%
Mauritania
22%
New Zealand
22%
Palestine
22%
San Juan
22%
Scotland
22%
Spanish Sahara
22%
Tibet
22%
Tobago
22%
Vietnam
22%
Zaire
22%
Abu Dhabi
11%
Algiers
11%
Borneo
11%
Cayman
11%
Crete
11%
Dahomey
11%
Hong Kong
11%
Mahore
11%
Sumatra
11%
Transylvania
11%

Score Distribution

Percentile by Number Answered

Percent of People with Each Score

Your Score History

You have not taken this quiz